|
|
|
|
| LEADER |
00755nam a22002412a 4500 |
| 001 |
000866633 |
| 003 |
CZ BrMZK |
| 005 |
20070919141156.0 |
| 007 |
ta |
| 008 |
070919s1990 xr er|||||||||||cze d |
| 015 |
|
|
|a cnb000063297
|
| 035 |
|
|
|a (OCoLC)39590955
|
| 040 |
|
|
|a ABA001
|b cze
|d ABA001
|
| 080 |
9 |
|
|a 628.4
|
| 100 |
1 |
|
|a Řezníček, Tomáš,
|d 1944-
|7 jk01110130
|4 aut
|
| 245 |
1 |
0 |
|a Odpady /
|c Tomáš Řezníček
|
| 260 |
|
|
|a Praha :
|b Racionalizační a experimentální laboratoř :
|b Ministerstvo životního prostředí České republiky,
|c 1990
|
| 300 |
|
|
|a 12 listů :
|b barev. fotogr., schémata ;
|c 30 cm
|
| 500 |
|
|
|a Volné listy v přebalu
|
| 655 |
|
7 |
|a brožury
|7 fd131925
|2 czenas
|
| 910 |
|
|
|a BOA001
|b X2-0967.038
|
| 990 |
|
|
|a BK
|
| 991 |
|
|
|b 200709
|